| 000 | 01330nam a2200289Ia 4500 | ||
|---|---|---|---|
| 999 |
_c34504 _d34504 |
||
| 001 | 253 | ||
| 003 | GE_BSU | ||
| 005 | 20240610122953.0 | ||
| 008 | 181216s2005||||ge |||||||||||||| ||geo|| | ||
| 020 | _a9994005030 | ||
| 040 | _cGE_BSU | ||
| 041 | _ageo | ||
| 080 | _a616-091(075.8) ბ-97 | ||
| 100 |
_aბურკაძე, გ. _922372 |
||
| 245 |
_aზოგადი პათოლოგიის საფუძვლები : _bჰისტოპათოლოგია, ციტოპათოლოგია, მოლეკულური პათოლოგია / _cგიორგი ბურკაძე, გულისა ტურაშვილი; რედ.: ზაზა ავალიანი. |
||
| 250 | _a1-ლი გამოცემა | ||
| 264 |
_aთბილისი : _bზეკარი, _c2005. |
||
| 300 | _a375 გვ.; | ||
| 541 | _h25ლ. | ||
| 653 | _aზოგადი პათოლოგია | ||
| 653 | _aმედიცინა | ||
| 653 | _aორგანოთა პათოლოგია | ||
| 653 | _aჰისტოპათოლოგია | ||
| 700 |
_aტურაშვილი, გულისა _eავტორი _922373 |
||
| 700 |
_aავალიანი, ზაზა _eრედაქტორი _922374 |
||
| 942 |
_cBK _2udc |
||